<?xml version="1.0" encoding="UTF-8"?>
<record
    xmlns:xsi="http://www.w3.org/2001/XMLSchema-instance"
    xsi:schemaLocation="http://www.loc.gov/MARC21/slim http://www.loc.gov/standards/marcxml/schema/MARC21slim.xsd"
    xmlns="http://www.loc.gov/MARC21/slim">

  <leader>03500    a2200253   4500</leader>
  <controlfield tag="003">Nust</controlfield>
  <controlfield tag="005">20170207154049.0</controlfield>
  <datafield tag="010" ind1=" " ind2=" ">
    <subfield code="a">  2008054123</subfield>
  </datafield>
  <datafield tag="020" ind1=" " ind2=" ">
    <subfield code="a">0826116140 (alk. paper)</subfield>
  </datafield>
  <datafield tag="020" ind1=" " ind2=" ">
    <subfield code="a">9780826116147 (alk. paper)</subfield>
  </datafield>
  <datafield tag="035" ind1=" " ind2=" ">
    <subfield code="a">(OCoLC)ocn232129950</subfield>
  </datafield>
  <datafield tag="040" ind1=" " ind2=" ">
    <subfield code="c">Nust</subfield>
  </datafield>
  <datafield tag="082" ind1="0" ind2="0">
    <subfield code="a">368.4/300973</subfield>
  </datafield>
  <datafield tag="245" ind1="0" ind2="0">
    <subfield code="a">Social insurance and social justice :social security, medicare, and the campaign against entitlements(E-BOOK)</subfield>
    <subfield code="c">Leah Rogne ... [et al.], editors.</subfield>
  </datafield>
  <datafield tag="260" ind1=" " ind2=" ">
    <subfield code="a">New York :</subfield>
    <subfield code="b">Springer Pub. Co.,</subfield>
    <subfield code="c">c2009.</subfield>
  </datafield>
  <datafield tag="300" ind1=" " ind2=" ">
    <subfield code="a">xxxiii, 449 p. :</subfield>
    <subfield code="b">ill. ;</subfield>
    <subfield code="c">24 cm.</subfield>
  </datafield>
  <datafield tag="505" ind1="0" ind2="0">
    <subfield code="t">Social insurance : history, politics, and prospects.</subfield>
    <subfield code="g">Introduction /</subfield>
    <subfield code="r">Brian R. Grossman --</subfield>
    <subfield code="t">The nine guiding principles of social security /</subfield>
    <subfield code="r">Robert M. Ball --</subfield>
    <subfield code="t">Social insurance and the right to assistance /</subfield>
    <subfield code="r">Robert M. Ball --</subfield>
    <subfield code="t">Procession of the generations : are we still traveling together? /</subfield>
    <subfield code="r">Malcolm L. Johnson --</subfield>
    <subfield code="t">The little-known origins of the Social Security Act : how and why corporate moderates created old-age insurance /</subfield>
    <subfield code="r">G. William Domhoff --</subfield>
    <subfield code="t">The Medicare Modernization Act : evolution or revolution in social insurance? /</subfield>
    <subfield code="r">Thomas R. Oliver ,  Philip R. Lee --</subfield>
    <subfield code="t">The future of social insurance : values and generational interdependence /</subfield>
    <subfield code="r">Eric R. Kingson ... [et al.] --</subfield>
    <subfield code="t">What is at stake.</subfield>
    <subfield code="g">Introduction /</subfield>
    <subfield code="r">Erica Solway --</subfield>
    <subfield code="t">One nation, interdependent : exploring the boundaries of citizenship in the history of social security and Medicare /</subfield>
    <subfield code="r">Brian R. Grossman ... [et al.] --</subfield>
    <subfield code="t">Why all women (and most men) should support universal rather than privatized social security /</subfield>
    <subfield code="r">Madonna Harrington Meyer --</subfield>
    <subfield code="t">Healthy, wealthy, and wise? Challenges to income security for elders of color /</subfield>
    <subfield code="r">Steven P. Wallace ,  Valentine M. Villa --</subfield>
    <subfield code="t">Quality of life for communities of color /</subfield>
    <subfield code="r">E. Percil Stanford, Donna L. Yee, ,  Edgar E. Rivas --</subfield>
    <subfield code="t">The ongoing debates over social insurance programs.</subfield>
    <subfield code="g">Introduction /</subfield>
    <subfield code="r">Brooke A. Hollister --</subfield>
    <subfield code="t">Can threats to social insurance in the United States be repelled? /</subfield>
    <subfield code="r">Robert H. Binstock ,  James H. Schulz --</subfield>
    <subfield code="t">Social security privatization : the institutionalization of an idealogical movement /</subfield>
    <subfield code="r">Judie Svihula ,  Carroll L. Estes --</subfield>
    <subfield code="t">A normative approach to social security : our obligation to future generations /</subfield>
    <subfield code="r">Harry R. Moody --</subfield>
    <subfield code="t">Critical perspectives on social insurance reform.</subfield>
    <subfield code="g">Introduction /</subfield>
    <subfield code="r">Carroll L. Estes --</subfield>
    <subfield code="t">Social insurance in Europe /</subfield>
    <subfield code="r">Alan Walker --</subfield>
    <subfield code="t">Pensions in crisis : aging and inequality in a global age /</subfield>
    <subfield code="r">Chris Philipson --</subfield>
    <subfield code="t">Federalism, state taxation of OASDI benefits, and the economic well-being of older Americans /</subfield>
    <subfield code="r">Phoebe S. Liebig ,  Bernard A. Steinman --</subfield>
    <subfield code="t">Social justice and tax expenditures /</subfield>
    <subfield code="r">Debra Street --</subfield>
    <subfield code="t">Teaching social insurance : critical pedagogy and social justice.</subfield>
    <subfield code="g">Introduction /</subfield>
    <subfield code="r">Leah Rogne --</subfield>
    <subfield code="t">Make history ground-breaking by teaching essential history : putting social security in U.S. history syllabi /</subfield>
    <subfield code="r">W. Andrew Achenbaum --</subfield>
    <subfield code="t">Teaching collaborative learning and continuing education strategies about social security and Medicare /</subfield>
    <subfield code="r">Patricia K. Cianciolo --</subfield>
    <subfield code="t">Beyond lectures and tests : facilitating applied and interactive social insurance learning experiences in gerontology courses /</subfield>
    <subfield code="r">C. Joanne Grabinski --</subfield>
    <subfield code="t">Epilogue: From the audacity of hope to the audacity of action /</subfield>
    <subfield code="r">Carroll L. Estes ... [et al.].</subfield>
  </datafield>
  <datafield tag="650" ind1=" " ind2="0">
    <subfield code="a">Social justice</subfield>
    <subfield code="z">United States.</subfield>
  </datafield>
  <datafield tag="650" ind1=" " ind2="0">
    <subfield code="a">Social Justice</subfield>
    <subfield code="z">United States.</subfield>
  </datafield>
  <datafield tag="650" ind1=" " ind2="0">
    <subfield code="a">Social security</subfield>
    <subfield code="z">United States.</subfield>
  </datafield>
  <datafield tag="650" ind1=" " ind2="0">
    <subfield code="a">Social Security.</subfield>
  </datafield>
  <datafield tag="651" ind1=" " ind2=" ">
    <subfield code="a">E-BOOK</subfield>
  </datafield>
  <datafield tag="700" ind1="1" ind2=" ">
    <subfield code="a">Rogne, Leah.</subfield>
  </datafield>
  <datafield tag="942" ind1=" " ind2=" ">
    <subfield code="2">ddc</subfield>
    <subfield code="c">BK</subfield>
  </datafield>
  <datafield tag="999" ind1=" " ind2=" ">
    <subfield code="c">193044</subfield>
    <subfield code="d">193044</subfield>
  </datafield>
  <datafield tag="952" ind1=" " ind2=" ">
    <subfield code="0">0</subfield>
    <subfield code="1">0</subfield>
    <subfield code="2">ddc</subfield>
    <subfield code="4">0</subfield>
    <subfield code="7">0</subfield>
    <subfield code="8">NFIC</subfield>
    <subfield code="a">MCS</subfield>
    <subfield code="b">MCS</subfield>
    <subfield code="d">2016-12-12</subfield>
    <subfield code="l">0</subfield>
    <subfield code="o">368.4/300973  ROG</subfield>
    <subfield code="p">MCSEB-2826</subfield>
    <subfield code="r">2016-12-08</subfield>
    <subfield code="w">2016-12-12</subfield>
    <subfield code="y">BK</subfield>
  </datafield>
</record>
